El carcelero (Record no. 152969)

MARC details
000 -LEADER
campo de control de longitud fija 00811nam a22002055i 4500
001 - NÚMERO DE CONTROL
campo de control 152969
003 - IDENTIFICADOR DE NÚMERO DE CONTROL
campo de control ES-MaACL
005 - FECHA Y HORA DE LA ÚLTIMA TRANSACCIÓN
campo de control 20251015191012.0
008 - DATOS DE LONGITUD FIJA--INFORMACIÓN GENERAL
campo de control de longitud fija 990723s1844 sp |||| | spa d
040 ## - FUENTE DE CATALOGACIÓN
Centro catalogador/agencia de origen CCPB | B
Lengua de catalogación spa
Centro/agencia transcriptor CCPB | B
245 03 - MENCIÓN DEL TÍTULO
Título El carcelero
Resto del título : comedia en un acto /
Mención de responsabilidad, etc. traducida del francés por Juan del Peral.
260 ## - PUBLICACIÓN, DISTRIBUCIÓN, ETC.
Lugar de publicación, distribución, etc. Madrid :
Nombre del editor, distribuidor, etc. [Manuel Delgado],
Fecha de publicación, distribución, etc. 1844 (
Fabricante Imprenta de Repullés)
300 ## - DESCRIPCIÓN FÍSICA
Extensión 26 p. ;
Dimensiones 19 cm.
490 1# - MENCIÓN DE SERIE
Mención de serie Galería dramática
700 1# - ENTRADA AGREGADA--NOMBRE PERSONAL
Nombre de persona Peral, Juan del,
Fechas asociadas al nombre m. 1888
9 (RLIN) 130982
830 0# - PUNTO DE ACCESO ADICIONAL DE SERIE-TÍTULO UNIFORME
Título uniforme Galería dramática
9 (RLIN) 186796
852 ## - LOCALIZACIÓN
Ubicación ES-MaACL
Número de control de estantería F-8597(7)
Nota libre -- Enc. pasta española
condición física -- Falto de la cub. original
Nota libre -- Enc. en un vol. facticio formando parte de la col. facticia "Teatro español moderno", vol. 50
Holdings
Estatus retirado Estado de pérdida Estado de daño No para préstamo Colección Biblioteca de origen Biblioteca actual Ubicación en estantería Fecha de adquisición Total de préstamos Signatura topográfica completa Código de barras Visto por última vez Precio de reemplazo Tipo de ítem Koha
        Libros del s. XIX Biblioteca del Ateneo de Madrid Biblioteca del Ateneo de Madrid Sala Pecera Planta 2 17/01/2008   F-8597(7) 1159800 23/02/2023 23/02/2023 Libro impreso antiguo